| 000 | 00000nam 2200000zi 4500 |
| 001 | 9.934018 |
| 003 | CaOODSP |
| 005 | 20240417131702 |
| 006 | m o d f |
| 007 | cr mn||||||||| |
| 008 | 240216e202312##oncda o f000 0 eng d |
| 020 | |a9780660703169 |
| 040 | |aCaOODSP|beng|erda|cCaOODSP |
| 043 | |an-cn--- |
| 086 | 1 |aPS64-219/2024E-PDF |
| 245 | 00|aOrganized crime involvement in vehicle theft in Canada. |
| 246 | 17|aStrategic intelligence assessment : |bvehicle theft |
| 264 | 1|a[Ottawa] : |bRoyal Canadian Mounted Police = Gendarmerie royale du Canada, |cDecember 2023. |
| 300 | |a1 online resource (6 pages) : |bcharts, illustrations |
| 336 | |atext|btxt|2rdacontent |
| 337 | |acomputer|bc|2rdamedia |
| 338 | |aonline resource|bcr|2rdacarrier |
| 500 | |aIssued also in French under title: Implication du crime organisé dans le vol de véhicules au Canada. |
| 650 | 0|aAutomobile theft|zCanada. |
| 650 | 0|aOrganized crime|zCanada. |
| 710 | 2 |aRoyal Canadian Mounted Police, |eissuing body. |
| 710 | 2 |aCriminal Intelligence Service Canada, |eissuing body. |
| 775 | 08|tImplication du crime organisé dans le vol de véhicules au Canada.|w(CaOODSP)9.934020 |
| 856 | 40|qPDF|s587 KB|uhttps://publications.gc.ca/collections/collection_2024/grc-rcmp/PS64-219-2024-eng.pdf |